000 nam a22 7a 4500
999 _c9871
_d9871
008 180208b ||||| |||| 00| 0 eng d
100 _aPeale, N V
_95950
245 _aWords great short stories
260 _aNew Delhi
_c2012